000 00386nam a22001697a 4500
003 MPLRDC
005 20220104125516.0
008 210129b ||||| |||| 00| 0 eng d
082 _a857.9 LZK c.4
100 _a隆中客
245 _a水晶劫
_c
250 _a再版
260 _a
_b武林出版社
_c1982
300 _b
650 _a武侠小说
942 _cBK
_o857.9 LZK c.4
999 _c27914
_d27904